La Périchole (Record no. 172359)

MARC details
000 -LEADER
campo de control de longitud fija 00747nam a22002055i 4500
001 - NÚMERO DE CONTROL
campo de control 172359
003 - IDENTIFICADOR DE NÚMERO DE CONTROL
campo de control ES-MaACL
005 - FECHA Y HORA DE LA ÚLTIMA TRANSACCIÓN
campo de control 20250516163849.0
008 - DATOS DE LONGITUD FIJA--INFORMACIÓN GENERAL
campo de control de longitud fija 090626s1975 fr |||| | fre d
080 ## - NÚMERO DE LA CLASIFICACIÓN DECIMAL UNIVERSAL
Número de la Clasificación Decimal Universal 782.6
100 1# - ENTRADA PRINCIPAL--NOMBRE DE PERSONA
Nombre de persona Meilhac, Henri.
9 (RLIN) 129795
245 13 - MENCIÓN DEL TÍTULO
Título La Périchole
Resto del título : opéra-bouffe en 3 actes et 4 tableaux /
Mención de responsabilidad, etc. musique de Jacques Offenbach ; paroles de Henri Meilhac et Ludovic Halévy.
260 ## - PUBLICACIÓN, DISTRIBUCIÓN, ETC.
Lugar de publicación, distribución, etc. Paris :
Nombre del editor, distribuidor, etc. Gérard Billaudot, 1975.
300 ## - DESCRIPCIÓN FÍSICA
Extensión 142 p. ;
Dimensiones 18 cm.
650 14 - PUNTO DE ACCESO ADICIONAL DE MATERIA--TÉRMINO DE MATERIA
Término de materia o nombre geográfico como elemento de entrada Óperas-
Subdivisión de forma Libretos.
9 (RLIN) 137584
700 1# - ENTRADA AGREGADA--NOMBRE PERSONAL
Nombre de persona Halévy, Ludovic,
Fechas asociadas al nombre 1834-1908
9 (RLIN) 240505
700 1# - ENTRADA AGREGADA--NOMBRE PERSONAL
Nombre de persona Offenbach, Jacques.
9 (RLIN) 86559
852 4# - LOCALIZACIÓN
Ubicación ES-MaACL
Número de control de estantería E-12727
itemnumber R.190315
Nota libre . - Biblioteca Jacinto Martínez Lacalle
Holdings
Estatus retirado Estado de pérdida Estado de daño No para préstamo Biblioteca de origen Biblioteca actual Ubicación en estantería Fecha de adquisición Fuente de adquisición Total de préstamos Signatura topográfica completa Código de barras Visto por última vez Precio de reemplazo Tipo de ítem Koha
        Biblioteca del Ateneo de Madrid Biblioteca del Ateneo de Madrid Depósito 2 26/06/2009     E-12727 1180876 23/02/2023 23/02/2023 Libro impreso